| 000 | 01154nam0a2200289 4500 | ||
|---|---|---|---|
| 001 | RU\NLR\BIBL_A\011312192 | ||
| 005 | 20250626042019.0 | ||
| 035 | _a(NLR Aleph) 011312192 | ||
| 090 |
_a11027311 _c11027311 |
||
| 100 | _a20170119d1987 |||y0rusy50 ca | ||
| 101 | 0 | _arus | |
| 102 | _aRU | ||
| 105 | _ay|||z|||000zy | ||
| 200 | 1 |
_aИстория золота _fАН СССР, Ин-т геологии руд. месторождений, петрографии, минералогии и геохимии |
|
| 210 |
_aМосква _cНаука _d1987 |
||
| 215 |
_a244, [1] с. _d22 |
||
| 320 | _aБиблиогр.: с. 242-243 | ||
| 606 | 1 |
_aЗолоторудные месторождения _xИстория открытия _91240882 _3RU\NLR\AUTH\66506974 |
|
| 606 | 1 |
_aДенежное обращение _xИстория _92519365 _3RU\NLR\AUTH\661493018 |
|
| 686 | 1 | _aД451.41 | |
| 686 | 1 | _aУ26(0)26-03 | |
| 700 | 1 |
_aМарфунин _bА.С. _f1926- _gАрнольд Сергеевич |
|
| 852 |
_aNLR _j87-5/4594 |
||
| 942 | _cBOOK | ||
| 980 | _aNB | ||